| 000 | 00984nam a2200193 a 4500 | ||
|---|---|---|---|
| 008 | 180221t2013 ag ||||g |||| 00| 1 spa d | ||
| 020 | _a9789876126854 | ||
| 041 | _aspa | ||
| 092 |
_c808 _l53 _sMOR |
||
| 100 | 1 |
_aMoriarty, Jaclyn _94311 |
|
| 245 | 3 |
_aLa grieta blanca / _cJaclyn Moriarty |
|
| 250 |
_a1a ed. _bTraducción y adaptación Silvina Poch. Ilustación de cubierta Dolores Avendaño |
||
| 260 |
_aBuenos Aires: _bV&R editoras; _c2013. |
||
| 300 |
_a352 p. _c21x14 cm. |
||
| 500 | _aMoriarty, J. (2013). La grieta blanca. (1a ed.). Buenos Aires : V&R editoras. | ||
| 505 | _aUna grieta comunica nuestro mundo con un reino donde los colores tiene vida propia, algunos son peligrosos y hasta pueden atacar. Madeleine y Elliot, cada uno en su lado, entablan una curiosa correspondencia que revela que, aún en la realidad más dura existe una salida hacia un universo paralelo donde todo es posible. Especialmente la magia... | ||
| 655 |
_aLiteratura _92917 |
||
| 942 |
_2ddc _cLIT |
||
| 999 |
_c3262 _d3262 |
||